| 000 | 01083cam a2200241 a 4500 | ||
|---|---|---|---|
| 999 |
_c38268 _d38268 |
||
| 020 | _a9789604452682 | ||
| 041 | 0 | _aeng. | |
| 082 |
_a341 _bMUL- |
||
| 245 | 0 | 0 |
_aMulticulturalism and international law : _b2004 international law session / _cedited by Kalliopi Koufa. |
| 246 | 3 | 0 | _a2004 international law center |
| 260 |
_aThessaloniki, Greece : _bSakkoulas Publications, _c2006. |
||
| 300 |
_ax, 503p. _bports ; |
||
| 500 | _aAt head of title: Institute of International Public Law and International Relations of Thessaloniki | ||
| 500 | _aIncludes lectures delivered and papers presented during the annual session of courses organized by the Institute | ||
| 504 | _aIncludes bibliographical references. | ||
| 546 | _aEnglish and French | ||
| 650 | 0 |
_aMulticulturalism _xLaw and legislation _vCongresses. |
|
| 650 | 0 |
_aMinorities _xLegal status, laws, etc. _vCongresses. |
|
| 650 | 0 |
_aMinorities _xCivil rights _vCongresses. |
|
| 700 | 1 |
_aKoufa, Kalliopi _eeditor. |
|
| 710 | 2 | _aInstitouton Diethnous Dēmosiou Dikaiou kai Diethnōn Scheseōn Thessalonikēs. | |
| 942 |
_2ddc _cBK |
||